|
|
|
|
| LEADER |
00000nab a2200000 a 4500 |
| 001 |
vtls008997296 |
| 003 |
SK-MaSNL |
| 005 |
20260303065802.0 |
| 008 |
140328c2007 xo mr|p|||||||000 b|slo |
| 015 |
|
|
|a SNBRB2007/06
|2 snkbucl
|
| 038 |
|
|
|a SNKBUCL
|
| 040 |
|
|
|a SNKBUCL
|b slo
|c SNKBUCL
|e AACR2
|
| 041 |
0 |
|
|a slo
|
| 044 |
|
|
|a xo
|c SK
|
| 080 |
|
|
|a 692.231.2:699.865
|2 2001
|
| 100 |
1 |
|
|a Menďan, Rastislav
|4 aut
|9 475705
|
| 245 |
1 |
0 |
|a Teplotechnické posúdenie obvodových stien systému Sendwix
|c Rastislav Menďan
|
| 300 |
|
|
|b Fotogr., obr., tab.
|
| 650 |
0 |
7 |
|a Sendwix M (stavebný materiál)
|x obvodové steny
|x tepelnotechnické vlastnosti
|2 snkbucl
|9 1066314
|
| 650 |
0 |
7 |
|a obvodové steny
|2 snkbucl
|9 359990
|
| 773 |
0 |
|
|t Fórum architektúry
|g Roč. XVII, č. 5 (2007)
|x 1336-0264
|
| 773 |
0 |
8 |
|t Informácie Slovenskej komory architektov
|g Č. 5 (2007), s. 20-22
|
| 852 |
|
|
|a SNK
|b KIS3GCP
|
| 999 |
|
|
|c 1752695
|d 1754625
|